LIBRARY & INFORMATION CENTRE, KCAET, TAVANUR

ONLINE PUBLIC ACCESS CATALOGUE (OPAC)

Fundamentals of engineering drawing with and introduction to computer graphics for design and production / (Record no. 7439)

MARC details
000 -LEADER
fixed length control field 00590cam a2200193ua 4500
020 ## - INTERNATIONAL STANDARD BOOK NUMBER
ISBN 81-203-0885-9
041 ## - LANGUAGE CODE
Language code of text/sound track or separate title eng
082 ## - DEWEY DECIMAL CLASSIFICATION NUMBER
Classification number 604.2
Item number LAU/FU
100 ## - MAIN ENTRY--AUTHOR NAME
Personal name Lauzadder, Warren L .
245 ## - TITLE STATEMENT
Title Fundamentals of engineering drawing with and introduction to computer graphics for design and production /
250 ## - EDITION STATEMENT
Edition statement 11 /
260 ## - PUBLICATION, DISTRIBUTION, ETC. (IMPRINT)
Place of publication New Delhi :
Name of publisher Prentice Hall of India Pvt Ltd. ,
Year of publication 1993.
300 ## - PHYSICAL DESCRIPTION
Number of Pages 692 ; .
700 1# - ADDED ENTRY--PERSONAL NAME
Personal name Duff, Jon M.
942 ## - ADDED ENTRY ELEMENTS (KOHA)
Koha item type Books
Holdings
Withdrawn status Lost status Damaged status Home library Current library Date acquired Full call number Accession Number Koha item type
      KAUAET KAUAET 07/04/2012 604.2 20072 Books
free website counter